000 00672nam a22002417a 4500
003 UA-OsUOA
001 135708
007 ta
008 20190212b un ||||| |||| 00| 0 ukr d
100 _aАрендт Х.
090 _a94(569.4)
_bА80
942 _cBK
040 _aUA-OsUOA
_bukr
_cUA-OsUOA
_dUA-OsUOA
245 _aБанальність зла. Суд над Айхманом в Єрусалимі
300 _a367 с.
955 _a1
041 _aukr
080 _a94(569.4)
020 _a978-966-378-315-4
260 _aК.
_bДух і Літера
_c2013
650 7 _a9 Географія. Біографії. Історія
_2UDC
999 _c409140
_d409140